Εργαστηριακές ασκήσεις : φωτοερμηνείας-τηλεπισκόπησης
Αποθηκεύτηκε σε:
| Κύριος συγγραφέας: | |
|---|---|
| Μορφή: | Βιβλίο |
| Γλώσσα: | Greek |
| Δημοσίευση: |
Αθήνα :
Ίων,
2003
|
| Θέματα: | |
| Ετικέτες: |
Προσθήκη ετικέτας
Δεν υπάρχουν, Καταχωρήστε ετικέτα πρώτοι!
|
MARC
| LEADER | 00000cam a2200000 i 4500 | ||
|---|---|---|---|
| 001 | 1/87004 | ||
| 008 | 051007s2003 gre d | ||
| 020 | |a 960-411-321-6 | ||
| 035 | |l 10080705 | ||
| 040 | |a GR-MY-UA |b gre |e aacr | ||
| 041 | 0 | |a gre | |
| 082 | 0 | |a 621.367 |2 (22) | |
| 100 | 1 | |a Μηλιαρέσης, Γιώργος Χαρ. | |
| 245 | 1 | 0 | |a Εργαστηριακές ασκήσεις : |b φωτοερμηνείας-τηλεπισκόπησης / |c Γιώργος Χαρ. Μηλιαρέσης |
| 260 | |a Αθήνα : |b Ίων, |c 2003 | ||
| 300 | |a 115 σ.; |b πίν., σχέδια, εικ.; |c 30 εκ. | ||
| 650 | 0 | 0 | |a Remote sensing |x Problems, exercises etc. |
| 650 | 0 | 0 | |a Image processing. |
| 852 | |a INST |b LESVOS |e 20051007 |h 621.367 ΜΗΛ |p 005100032753 |q 005100032753 |t BK |y 0 | ||
| 852 | |a INST |b LESVOS |e 20051007 |h 621.367 ΜΗΛ |p 005100032754 |q 005100032754 |t BK |y 0 | ||
| 852 | |a INST |b LESVOS |e 20100616 |h 621.367 ΜΗΛ |p 005100047980 |q 005100047980 |t BK |y 0 | ||
| 901 | |a BIBL1-2005-3 | ||
| 909 | |a Λ |b 121187 | ||
| 909 | |a Λ |b 123944 | ||
| 909 | |a Λ |b 164816 | ||
| 920 | |a ΦΟΙΤΗΤΙΚΗ ΜΕΡΙΜΝΑ |y ΛΕΣΒΟΣ |z 2004-12 | ||
| 920 | |a ΦΟΙΤΗΤΙΚΗ ΜΕΡΙΜΝΑ |y ΛΕΣΒΟΣ |z 2005-07 | ||
| 970 | |a ΚΑΡΑ |b ΓΙΑΣΕΜΗ |z 2005/10/07 | ||